000
00202 a2200097 4500
001
11790
100
_a
Taylor,D
245
_a
The years of challenge
260
_a
_b
Robert Hale
_c
090
_c
9046
_d
9046
942
_a
NUST-CAE
_c
M
_c
35874
999
_c
246863
_d
246863